Creating Shared Futures (Record no. 590935)

000 -LEADER
fixed length control field 00719nam a22001577a 4500
003 - CONTROL NUMBER IDENTIFIER
control field NUST
005 - DATE AND TIME OF LATEST TRANSACTION
control field 20220815092006.0
020 ## - INTERNATIONAL STANDARD BOOK NUMBER
International Standard Book Number 978-969-23545-0-9
082 ## - DEWEY DECIMAL CLASSIFICATION NUMBER
Classification number 327.7305, SHA
111 ## - MAIN ENTRY--MEETING NAME
Meeting name or jurisdiction name as entry element Talat Shabbir
9 (RLIN) 97080
245 ## - TITLE STATEMENT
Title Creating Shared Futures
Remainder of title Pakistan-China: A Journey of Trust and Friendship
260 ## - PUBLICATION, DISTRIBUTION, ETC.
Place of publication, distribution, etc. Islamabad (Pakistan)
Name of publisher, distributor, etc. Policy Press
Date of publication, distribution, etc. 2021
300 ## - PHYSICAL DESCRIPTION
Extent xxiii, 178:pages
505 ## - FORMATTED CONTENTS NOTE
Formatted contents note Trust and Romance (Page-1), Beginning of a Journey: 1947-1990 (Page-7), In Search of New Skies: 1990-2020 (Page-34), Navigating Troubled Neighborhood(Page-69), Global Milieu (Page-108), Ten, Now and possible (Page-144), Epilogue: Pakistan and China in the Post COVID-19 World (Page-161).
942 ## - ADDED ENTRY ELEMENTS (KOHA)
Source of classification or shelving scheme
Koha item type Book
Holdings
Withdrawn status Lost status Source of classification or shelving scheme Damaged status Not for loan Permanent Location Current Location Shelving location Date acquired Full call number Barcode Date last seen Price effective from Koha item type Public note
          Military College of Signals (MCS) Military College of Signals (MCS) General Stacks 08/15/2022 327.7305, SHA MCS38599 08/15/2022 08/15/2022 Book Almirah Fresh No.44, Shelf No.3
© 2023 Central Library, National University of Sciences and Technology. All Rights Reserved.